书目信息 |
| 题名: |
中国城镇化进程中的农村土地问题研究
|
|
| 作者: | 谷素华, 著 | |
| 分册: | ||
| 出版信息: | 长春 吉林大学出版社 2014 |
|
| 页数: | 216页 | |
| 开本: | 24cm | |
| 丛书名: | ||
| 单 册: | ||
| 中图分类: | F321.1 | |
| 科图分类: | ||
| 主题词: | 农村--nong cun--土地问题--研究--中国 | |
| 电子资源: | ||
| ISBN: | 978-7-5677-1474-8 | |
| 000 | 01085nam0 22002531 450 | |
| 001 | 0122100701 | |
| 005 | 20170322100701.0 | |
| 010 | @a978-7-5677-1474-8@dCNY39.80 | |
| 100 | @a20140627d2014 em y0chiy50 ea | |
| 101 | 0 | @achi |
| 102 | @aCN@b220000 | |
| 105 | @ay a 000yy | |
| 106 | @ar | |
| 200 | 1 | @a中国城镇化进程中的农村土地问题研究@9zhong guo cheng zhen hua jin cheng zhong de nong cun tu di wen ti yan jiu@f谷素华著 |
| 210 | @a长春@c吉林大学出版社@d2014 | |
| 215 | @a216页@d24cm | |
| 300 | @a内蒙古自治区社会科学联合会科研课题后期资助项目 课题编号: 14D01 | |
| 320 | @a有书目 (第213-216页) | |
| 330 | @a本书甚为全面地将城市化、城镇化、土地制度、土地制度改革等相关联的要素、现象、观点汇集起来, 提供了非常有效地“索引”, 所给出的分析、论证也具有有效的启发性。本书共分为七章, 主要内容包括: 中国城镇化概述 ; 农村土地制度变革与城镇化进程 ; 城镇化进程中农村土地流转问题研究等。 | |
| 606 | 0 | @a农村@9nong cun@x土地问题@x研究@y中国 |
| 690 | @aF321.1@v5 | |
| 701 | 0 | @a谷素华,@9gu su hua ,@f1971-@4著 |
| 801 | 0 | @aCN@bTANGWEI@c20170308 |
| 905 | @b0958854-7@dF321.1@e174@f4 | |
| 中国城镇化进程中的农村土地问题研究/谷素华著.-长春:吉林大学出版社,2014 |
| 216页;24cm |
| 内蒙古自治区社会科学联合会科研课题后期资助项目 课题编号: 14D01 |
| ISBN 978-7-5677-1474-8:CNY39.80 |
| 本书甚为全面地将城市化、城镇化、土地制度、土地制度改革等相关联的要素、现象、观点汇集起来, 提供了非常有效地“索引”, 所给出的分析、论证也具有有效的启发性。本书共分为七章, 主要内容包括: 中国城镇化概述 ; 农村土地制度变革与城镇化进程 ; 城镇化进程中农村土地流转问题研究等。 |
| ● |
| 相关链接 |
|
|
|
|
正题名:中国城镇化进程中的农村土地问题研究
索取号:F321.1/174
 
预约/预借
| 序号 | 登录号 | 条形码 | 馆藏地/架位号 | 状态 | 备注 |
| 1 | 0958854 | 209588542 | 第一样本阅览室/ [索取号:F321.1/174] | 在馆 | |
| 2 | 0958855 | 209588551 | 第一借阅区/ [索取号:F321.1/174] | 在馆 | |
| 3 | 0958856 | 209588560 | 第一借阅区/ [索取号:F321.1/174] | 在馆 | |
| 4 | 0958857 | 209588579 | 第一借阅区/ [索取号:F321.1/174] | 在馆 |